| 000 | 01122nam a2200265 i 4500 | ||
|---|---|---|---|
| 001 | 22176 | ||
| 003 | ES-MaACL | ||
| 005 | 20250821110925.0 | ||
| 007 | t| | ||
| 008 | 030128s1869 sp |||| | spa d | ||
| 080 | _a543 | ||
| 245 | 0 | 0 | _aDiscursos leídos ante la Academia de Ciencias Exactas, Físicas y Naturales en la recepción del Sr. D. Luis de la Escosura el día 4 de julio de 1869. |
| 260 |
_aMadrid : _b[s.n.], _c1869 ( _fImp. de la Viuda de Aguado e Hijo) |
||
| 300 |
_a58 p. ; _c25 cm. |
||
| 530 | _aDisponible en formato digital. | ||
| 594 | _aTema del discurso: Los límites del análisis químico | ||
| 594 | _aIncluye el discurso de contestación de Magín Bonet y Bonfill | ||
| 650 | 7 |
_aQuímica analítica _2embne _916630 |
|
| 700 | 1 |
_aEscosura Morrogh, Luis de la, _d1821-1904 _9126953 |
|
| 700 | 1 |
_aBonet y Bonfill, Magín. _930137 |
|
| 710 | 2 |
_aReal Academia de Ciencias Exactas, Físicas y Naturales de España. _9175635 |
|
| 852 | 4 |
_aES-MaACL _jT-97-F-9 |
|
| 856 | 4 |
_uhttp://bdh-rd.bne.es/viewer.vm?id=0000048174&page=1 _zBiblioteca Digital Hispánica |
|
| 999 |
_c22176 _d22176 |
||